| 000 | 00000nam##2200000za#4500 |
| 001 | 9.587775 |
| 003 | CaOODSP |
| 005 | 20210624194810 |
| 007 | cr ||||||||||| |
| 008 | 150406|2006||||xxc|||||o f|0| 0 eng|d |
| 022 | |a1701-1280 |
| 040 | |aCaOODSP|beng |
| 041 | |aeng |
| 041 | |afre |
| 043 | |an-cn--- |
| 086 | 1 |aFs70-4/2006-001-PDF |
| 110 | 1 |aCanada. |bDepartment of Fisheries and Oceans. |
| 245 | 10|aReview of the latest data/analyses available on the status of Bowhead Whales (Balaena mysticetus) in the eastern Canadian Arctic in preparation for the upcoming recovery potential assessment : |h[electronic resource]|bMarch 9, 2006 - videoconference / |cmeeting chairperson: Patrice Simon. |
| 260 | |aOttawa - Ontario : |bFisheries and Oceans Canada |cMarch 2006. |
| 300 | |a36p.|bgraph, tables |
| 490 | 1 |aCanadian Science Advisory Secretariat proceedings series|x1701-1280|v2006/001 |
| 546 | |aBilingual. Most appendices in English only. |
| 590 | |a12-30-Supp|b2012-06-28 |
| 792 | |tExamen des dernières données et analyses disponibles sur l'état des baleines boréales (Balaena mysticetus) dans l'est de l'Arctique canadien en vue de l'évaluation prochaine de leur potentiel de rétablissement : |efre|w(CaOODSP)9.587776 |
| 830 | #0|aProceedings series (Canadian Science Advisory Secretariat)|x1701-1280|v2006/001|w(CaOODSP)9.500507 |
| 856 | 40|ahttp://publications.gc.ca|qPDF|s677 KB|uhttps://publications.gc.ca/collections/collection_2011/mpo-dfo/Fs70-4-2006-001.pdf|y2006/001 |